1598 1183 1853 1556 1709 1393 1559 1277 1897 1083 1847 1889 1637 1467 1049 1852 1416 1693 1444 1229 1781 1273 1294 1602 1711 1729 1132 1461 1345 1397 1832 1042 1283 1516 1984 1881 1367 1105 1704 1853 1393 1973 1198 1294 1363 1938 1941 1442 1715 1952 1703 1464 1986 1732 1276 1103 1165 1195 1511 1908 1180 1068 1825 1345 1468 1239 1128 1241 1272 1803 1557 1217 1984 1086 1902 1368 1839 1203 1946 1203 1845 1585 1146 1086 1798 1966 1796 1076 1596 1273 1156 1579 1076 1658 1329 1436 1304 1146 1847 BCNSPRNW ULIB Ver.6.0+V

เปลี่ยนเป็นภาษาไทย

Change to English
 แสดงรายละเอียดบรรณานุกรม
  กลับหน้าหลัก

Brief Record : Get Marc (ISO 2709) : E-mail record : QR code < ปิดหน้าต่าง
LEADER : 00000nam 2200000uu 4500
001    13399111985
003     ULIB
008    110714s2550||||th 000 0 tha d
020    9789749455067
090    นว.^bอ743ม 2553
100 0  อินทวา
245 00 มิติรักข้ามภพ/^cอินทวา
250    พิมพ์ครั้งที่ 1
260    กรุงเทพฯ :^bปริ๊นเซส,^c2550
300    358 หน้า
945    ^p220^l0^i022111
995     เกษร
999    ^aใช้งานได้ทุกระบบ
รายการนี้ยังไม่มีแท็ก
คุณยังไม่ได้ล็อกอิน คุณสามารถมีกิจกรรมร่วมกับเว็บไซต์ได้ แต่ต้องล็อกอินก่อน ::
  ล็อกอิน

รายการสื่อสารสนเทศ

ลำดับที่ ประเภท เลขเรียก/บาร์โค้ด สถานที่ สถานะ
1. วิทยาศาสตร์การแพทย์ และสุขภาพ
วิทยาศาสตร์การแพทย์ และสุขภาพ
นว. อ743ม 2553  
  Barcode: 022111
ห้องสมุดวิทยาเขตสวรรค์ประชารักษ์
►นวนิยาย
บนชั้น
  ขอยืม

BibComment


ยังไม่เคยถูกคอมเมนท์

คอมเมนท์ทรัพยากรรายการนี้
  คอมเมนท์: มิติรักข้ามภพ อิน..


 Copyright 2026. Bcnsprnw @Library